000 00747nam a22002177a 4500
999 _c15838
_d15838
003 MIRAKIL
005 20240328130446.0
008 240328b tu ||||| |||| 00| 0 tur d
020 _a9789751626103
040 _aTR-AnCHP
_cTR-AnCHP
041 _atur
082 _a491.1
_bK52h 2013
100 _aKidambi, Sithalakshmi
245 1 0 _aHindî-Türkçe sözlük /
_cSithalakshmi Kidambi, Korhan Kaya.
260 _aAnkara :
_bTürk Dil Kurumu,
_c2013.
300 _a327 s. ;
_c24 cm.
490 0 _aAtatürk Kültür, Dil ve Tarih Yüksek Kurumu Türk Dil Kurumu Yayınları ;
_v1094
650 0 _97925
_aHindî-Türkçe sözlük
856 _zDijital Nüshası için Partimizin Kütüphane Sorumlusu ile iletişime geçiniz.
942 _2ddc
_cBKS